Countries With The Highest And Lowest Fertility Rate - Statistics

General Stats
  • This quiz has been taken 94 times
  • The average score is 43 of 60
Answer Stats
Hint Answer % Correct
6.8 Niger
96%
6.2 Congo, Dem. Rep.
94%
0.8 South Korea
94%
4.5 Sudan
93%
1.3 Japan
91%
6.0 Mali
91%
4.2 Congo, Rep.
90%
6.3 Somalia
90%
6.3 Chad
89%
5.2 Nigeria
89%
1.2 China
88%
4.7 Tanzania
86%
4.6 Uganda
85%
5.1 Burundi
84%
4.2 Ethiopia
84%
4.5 South Sudan
84%
6.0 Central African Republic
81%
5.0 Benin
80%
1.3 Italy
80%
4.4 Senegal
80%
4.3 Togo
80%
4.8 Burkina Faso
79%
4.3 Zambia
79%
4.4 Mauritania
78%
4.4 Guinea
77%
4.6 Mozambique
77%
1.2 Spain
77%
5.3 Angola
75%
4.4 Cote d'Ivoire
75%
4.6 Afghanistan
74%
1.4 Portugal
74%
1.1 Singapore
74%
1.2 Ukraine
74%
1.4 Greece
73%
4.0 Guinea-Bissau
72%
1.3 Poland
72%
4.5 Cameroon
70%
4.7 Gambia
70%
1.5 Finland
69%
1.5 Serbia
69%
1.4 Bosnia and Herzegovina
68%
1.4 Canada
68%
4.1 Liberia
65%
1.3 Lithuania
64%
1.4 Luxembourg
62%
1.3 Andorra
60%
4.3 Equatorial Guinea
60%
1.4 Albania
59%
1.3 San Marino
57%
1.5 United Arab Emirates
54%
1.1 Malta
52%
1.4 Cuba
48%
1.3 Cyprus
48%
1.3 Thailand
47%
1.4 Bahamas
41%
1.4 Jamaica
38%
1.4 Mauritius
38%
1.4 Bhutan
35%
1.4 St. Lucia
31%
0.8 Palau
23%
No matching quizzes found
Score Distribution
Percent of People with Each Score
Percentile by Number Answered
Your Score History
You have not taken this quiz